000 00346 a2200169 4500
001 18181
020 _a9788508069286
040 _cAnchieta - Bela Vista
100 _aFrança, Mary
240 1 0 _aBolo fofo
_lpor
245 1 0 _aBolo fofo
300 _a16
362 0 _a2016
440 1 _aÁtica
650 4 _aLiteratura infantil
942 _cBK
999 _c18181
_d18181